All Victorian Train Stations by date opened - Statistics

General Stats
  • This quiz has been taken 5 times
  • The average score is 12 of 319
Answer Stats
Date opened Line/s Station % Correct
12/9/1854 Alamein, Belgrave, Craigieburn, Flemington Racecourse, Frankston, Glen Waverley, Hurstbridge, Lilydale, Mernda, Sandringham, Traralgon, Upfield, Werribee, Williamstown Flinders Street
100%
1/11/1856 Geelong, Warrnambool Geelong
100%
24/1/1859 Ararat, Ballarat, Bendigo, Echuca, Geelong, Sunbury, Swan Hill, Warrnambool, Werribee, Williamstown Footscray
67%
6/10/1859 Craigieburn, Flemington Racecourse, Seymour, Upfield, Werribee, Williamstown North Melbourne
67%
8/2/1859 Alamein, Belgrave, Frankston, Glen Waverley, Lilydale, Sandringham, Traralgon Richmond
67%
10/2/1859 Bendigo, Echuca, Sunbury Sunbury
67%
25/6/1857 Werribee Werribee
67%
8/5/1888 Hurstbridge, Mernda Clifton Hill
33%
2/10/1859 Sunbury Diggers Rest
33%
19/9/1864 Echuca Echuca
33%
9/10/1871* Craigieburn, Seymour Essendon
33%
8/5/1888 Hurstbridge Fairfield
33%
28/2/1861 Flemington Racecourse Flemington Racecourse
33%
13/4/1861 Alamein, Belgrave, Lilydale Hawthorn
33%
8/5/1888 Hurstbridge Heidelburg
33%
8/5/1888 Hurstbridge Ivanhoe
33%
1/11/1856 Geelong, Warrnambool Lara
33%
1/1/1857 Geelong, Warrnambool Little River
33%
1/3/1859 Werribee, Williamstown Newport
33%
1/2/1859 Williamstown North Williamstown
33%
22/12/1860 Sandringham Prahran
33%
17/1/1859 Alamein, Albury, Ararat, Ballarat, Belgrave, Bendigo, Craigieburn, Echuca, Flemington Racecourse, Frankston, Geelong, Glen Waverley, Hurstbridge, Lilydale, Maryborough, Mernda, NSW Train Link Southern, Seymour, Shepparton, Swan Hill, Traralgon, The Overland, Upfield, Warrnambool, Werribee, Williamstown Southern Cross
33%
8/5/1888 Hurstbridge, Mernda Victoria Park
33%
1/3/1859 Bendigo, Echuca, Sunbury, Swan Hill Watergardens
33%
8/5/1888 Hurstbridge Westgarth
33%
17/1/1859 Williamstown Williamstown
33%
19/12/1859 Sandringham Windsor
33%
7/3/1925 Werribee Aircraft
0%
28/6/1948 Alamein Alamein
0%
24/3/1891* Sunbury Albion
0%
26/2/1882 Albury, NSW Train Link Southern Albury
0%
8/5/1888 Hurstbridge Alphington
0%
1/12/1917* Werribee Altona
0%
15/12/1926 Upfield Anstey
0%
30/11/2025 Cranbourne, Pakenham Anzac
0%
7/4/1875 Ararat Ararat
0%
2/5/1977* Ararat, Ballarat, Maryborough Ardeer
0%
30/11/2025 Sunbury Arden
0%
7/5/1879 Frankston Armadale
0%
9/10/1871* Craigieburn Ascot Vale
0%
30/5/1890 Alamein Ashburton
0%
??/4/1891 Frankston Aspendale
0%
3/4/1882 Alamein, Belgrave, Lilydale Auburn
0%
20/11/1872 Albury Avenel
0%
10/2/1887 Ararat, Ballarat, Maryborough Bacchus Marsh
0%
3/5/2004* Bairnsdale Bairnsdale
0%
19/12/1859 Sandringham Balaclava
0%
22/12/1886 Ararat, Ballarat, Maryborough Ballan
0%
11/4/1862 Ararat, Ballarat, Maryborough Ballarat
0%
1/10/1914* Upfield Batman
0%
27/9/1984* Stony Point Baxter
0%
4/12/1889 Belgrave Bayswater
0%
1/12/1879 Pakenham Beaconsfield
0%
11/8/1876 Ararat Beaufort
0%
18/12/1900 Belgrave Belgrave
0%
8/10/1889 Mernda Bell
0%
18/8/1873 Albury Benalla
0%
21/10/1862 Bendigo, Echuca, Swan Hill Bendigo
0%
19/12/1881 Frankston Bentleigh
0%
8/10/1877 Pakenham, Traralgon Berwick
0%
13/3/1877 Warrnambool Birregurra
0%
27/9/1984* Stony Point Bittern
0%
25/12/1882 Belgrave, Lilydale Blackburn
0%
15/2/1926 Frankston Bonbeach
0%
16/6/1920 Belgrave Boronia
0%
1/12/1882 Belgrave, Lilydale Box Hill
0%
21/12/1861 Sandringham Brighton Beach
0%
18/4/1872 Seymour, Shepparton Broadford
0%
1/2/1873 Albury, Craigieburn, NSW Train Link Southern, Seymour, Shepparton Broadmeadows
0%
9/9/1884 Upfield Brunswick
0%
8/10/1877 Bairnsdale, Traralgon Bunyip
0%
1/5/1880 Alamein, Belgrave, Lilydale, Glen Waverley Burnley
0%
30/5/1890 Alamein Burwood
0%
3/4/1882 Alamein, Belgrave, Lilydale Camberwell
0%
2/7/1883 Warrnambool Camperdown
0%
1/12/1882 Belgrave, Lilydale Canterbury
0%
22/4/2012 Pakenham Cardinia Road
0%
14/5/1879 Cranbourne, Pakenham Carnegie
0%
28/1/2017 Ararat, Ballarat, Maryborough Caroline Springs
0%
1/8/1882 Frankston Carrum
0%
21/10/1862 Bendigo, Echuca, Swan Hill Castlemaine
0%
7/5/1879 Cranbourne, Frankston, Pakenham, Traralgon Caulfield
0%
1/4/1927 Belgrave, Lilydale Chatham
0%
4/2/1907 Frankston Chelsea
0%
19/12/1881 Frankston Cheltenham
0%
21/11/1873 Albury Chiltern
0%
??/12/1862 Bendigo, Echuca Clarkefield
0%
6/1/1880 Cranbourne, Pakenham, Traralgon Clayton
0%
3/11/2011* Maryborough Clunes
0%
1/12/2019 Ararat, Ballarat, Maryborough Cobblebank
0%
9/9/1884 Upfield Coburg
0%
27/7/1877 Warrnambool Colac
0%
21/10/1901 Hurstbridge, Mernda Collingwood
0%
6/6/2010 Craigieburn Coolaroo
0%
15/9/1860 Geelong, Warrnambool Corio
0%
18/4/1872 Craigieburn, Seymour Craigieburn
0%
24/3/1995* Cranbourne Cranbourne
0%
25/7/2010* Maryborough Creswick
0%
27/9/1984* Stony Point Crib Point
0%
8/10/1889 Mernda Croxton
0%
1/12/1882 Lilydale Croydon
0%
8/10/1877 Cranbourne, Pakenham, Traralgon Dandenong
0%
8/5/1922 Hurstbridge Darebin
0%
24/3/1890 Glen Waverley Darling
0%
2/4/1884 Ararat, Ballarat, Maryborough, Geelong, Warrnambool Deer Park
0%
4/2/1924 Hurstbridge Dennis
0%
25/6/1912 Hurstbridge Diamond Creek
0%
18/6/1883 Swan Hill Dingee
0%
14/10/1872 Seymour, Shepparton Donnybrook
0%
1/3/1878 Bairnsdale, Traralgon Drouin
0%
19/9/1876 Bendigo, Swan Hill Eaglehawk
0%
1/5/1926 Hurstbridge Eaglemont
0%
14/5/1900 Belgrave, Lilydale East Camberwell
0%
3/2/1929 Glen Waverley East Malvern
0%
3/6/2024 Pakenham East Pakenham
0%
24/9/1860 Alamein, Belgrave, Glen Waverley, Lilydale East Richmond
0%
20/9/1919 Frankston Edithvale
0%
19/9/1864 Echuca Elmore
0%
19/12/1859 Sandringham Elsternwick
0%
5/6/1902 Hurstbridge Eltham
0%
23/12/1889 Mernda Epping
0%
12/10/2014* Bendigo, Echuca Epsom
0%
20/3/1873 Albury Euroa
0%
12/12/1906* Upfield Fawkner
0%
4/12/1889 Belgrave Ferntree Gully
0%
27/5/1985 Alamein, Belgrave, Cranbourne, Frankston, Glen Waverley, Hurstbridge, Lilydale, Mernda, Upfield Flagstaff
0%
10/4/1885 Upfield Flemington Bridge
0%
1/8/1882 Frankston, Stony Point Frankston
0%
10/12/1906 Sandringham Gardenvale
0%
24/3/1890 Glen Waverley Gardiner
0%
28/3/1887 Bairnsdale, Traralgon Garfield
0%
31/10/1982 Sunbury Ginifer
0%
8/6/1861 Bendigo, Echuca, Swan Hill Gisbourne
0%
11/9/1922 Craigieburn Glenbervie
0%
3/4/1882 Alamein, Belgrave, Lilydale Glenferrie
0%
19/12/1881 Frankston Glen Huntley
0%
24/3/1890 Glen Waverley Glen Iris
0%
24/1/1887 Craigieburn Glenroy
0%
5/5/1930 Glen Waverley Glen Waverley
0%
12/12/2021* Echuca Goornong
0%
16/10/1928 Upfield Gowrie
0%
5/6/1902 Hurstbridge Greensborough
0%
1/12/1880 Pakenham Hallam
0%
2/9/1887 Sandringham Hampton
0%
7/5/1906 Alamein Hartwell
0%
10/9/1889 Stony Point Hastings
0%
7/5/1889 Frankston Hawksburn
0%
26/8/2018 Mernda Hawkstowe
0%
17/3/1890 Seymour, Shepparton Heathcote Junction
0%
7/9/1987 Belgrave, Lilydale Heatherdale
0%
1/5/1926 Belgrave Heathmont
0%
24/3/1890 Glen Waverley Heyington
0%
19/12/1881 Frankston Highett
0%
5/5/1930 Glen Waverley Holmesglen
0%
16/11/1970 Werribee Hoppers Crossing
0%
28/2/1925 Cranbourne, Pakenham Hughesdale
0%
25/6/1927 Cranbourne, Pakenham Huntingdale
0%
16/6/2022 Echuca Huntly
0%
25/6/1912 Hurstbridge Hurstbridge
0%
15/2/1959 Craigieburn Jacana
0%
9/9/1884 Upfield Jewell
0%
21/10/1901 Hurstbridge, Mernda Jolimont
0%
5/5/1930 Glen Waverley Jordanville
0%
25/8/1975 Frankston Kananook
0%
1/2/1874 Bendigo, Echuca, Swan Hill Kangaroo Flat
0%
27/1/2002 Sunbury Keilor Plains
0%
9/10/1871* Craigieburn Kensington
0%
16/12/1929 Mernda Keon Park
0%
25/10/1884 Swan Hill Kerang
0%
18/4/1872 Seymour, Shepparton Kilmore East
0%
24/3/1890 Glen Waverley Kooyong
0%
25/4/1862 Bendigo, Echuca, Swan Hill Kyneton
0%
13/6/1958 Belgrave, Lilydale Laburnum
0%
1/10/1949 Mernda Lalor
0%
1/7/1886 Werribee Laverton
0%
27/9/1984* Stony Point Leawarra
0%
1/12/1882 Lilydale Lilydale
0%
1/7/1881 Bairnsdale, Traralgon Longwarry
0%
22/4/2012 Cranbourne Lynbrook
0%
1/12/1887 Upfield Macaulay
0%
8/6/1861 Bendigo, Echuca Macedon
0%
1/3/1911 Hurstbridge Macleod
0%
21/10/1862 Bendigo, Echuca, Swan Hill Malmsbury
0%
7/5/1879 Cranbourne, Frankston, Pakenham Malvern
0%
26/4/2005* Geelong, Warrnambool Marshall
0%
25/7/2010* Maryborough Maryborough
0%
1/9/1884 Frankston McKinnon
0%
26/1/1981 Alamein, Belgrave, Cranbourne, Frankston, Glen Waverley, Hurstbridge, Lilydale, Mernda, Upfield Melbourne Central
0%
2/4/1884 Ararat, Ballarat, Maryborough Melton
0%
19/12/1181 Frankston Mentone
0%
24/3/1995 Cranbourne Merinda Park
0%
1/10/1914* Upfield Merlynston
0%
26/8/2018* Mernda Mernda
0%
8/10/1889 Mernda Merri
0%
21/12/1861 Sandringham Middle Brighton
0%
10/12/1906 Sunbury Middle Footscray
0%
26/8/2018 Mernda Middle Gorge
0%
25/12/1882 Belgrave, Lilydale Mitcham
0%
1/3/1878 Bairnsdale, Traralgon Moe
0%
5/9/1923 Hurstbridge Montmorency
0%
9/10/1871* Craigieburn Moonee Ponds
0%
19/12/1881 Frankston Moorabbin
0%
10/10/1887 Lilydale Mooroolbark
0%
13/1/1880 Shepparton Mooroopna
0%
19/12/1881 Frankston Mordialloc
0%
9/9/1884 Upfield Moreland
0%
7/11/1960 Stony Point Morradoo
0%
1/6/1877 Bairnsdale, Traralgon Morwell
0%
5/5/1930 Glen Waverley Mount Waverley
0%
1/9/1890 Shepparton Murchison East
0%
14/5/1879 Cranbourne, Pakenham Murrumbeena
0%
13/1/1880 Shepparton Nagambie
0%
1/4/1881 Bairnsdale, Traralgon Nar Nar Goon
0%
10/3/1882 Pakenham Narre Warren
0%
9/10/1871* Craigieburn Newmarket
0%
3/2/1913 Cranbourne, Pakenham Noble Park
0%
19/12/1859 Sandringham North Brighton
0%
8/10/1889 Mernda Northcote
0%
1/8/1883 Geelong, Warrnambool North Geelong
0%
21/10/1901 Hurstbridge, Mernda North Richmond
0%
15/4/1895 Geelong, The Overland, Warrnambool North Shore
0%
4/6/1888 Belgrave, Lilydale Nunawading
0%
8/10/1877 Cranbourne, Pakenham Oakleigh
0%
13/8/1956 Craigieburn Oak Park
0%
4/7/1881 Pakenham Officer
0%
19/12/1881 Frankston Ormond
0%
8/10/1877 Pakenham, Traralgon Pakenham
0%
1/9/1919 Frankston Parkdale
0%
30/11/2025 Sunbury Parkville
0%
22/1/1983 Alamein, Belgrave, Cranbourne, Frankston, Glen Waverley, Hurstbridge, Lilydale, Mernda, Upfield Parliament
0%
10/11/1885 Craigieburn Pascoe Vale
0%
18/5/1961 Frankston Patterson
0%
8/10/1889 Mernda Preston
0%
12/2/1884 Swan Hill Pyramid
0%
17/6/2022* Swan Hill Raywood
0%
8/10/1889 Mernda Regent
0%
8/10/1889 Mernda Reservoir
0%
8/6/1861 Bendigo, Echuca Riddells Creek
0%
1/12/1882 Belgrave, Lilydale Ringwood
0%
18/5/1925 Lilydale Ringwood East
0%
1/5/1912 Sandringham Ripponlea
0%
30/5/1890 Alamein Riversdale
0%
19/9/1864 Echuca Rochester
0%
1/10/1927 Hurstbridge Rosanna
0%
1/6/1877 Bairnsdale Rosedale
0%
21/9/2007* Craigieburn Roxburgh Park
0%
9/9/1884 Upfield Royal Park
0%
1/1/1927 Mernda Rushall
0%
5/8/1963 Mernda Ruthven
0%
1/6/1877 Bairnsdale Sale
0%
19/6/1965* Cranbourne, Pakenham Sandown Park
0%
2/9/1887 Sandringham Sandringham
0%
1/12/1913 Frankston Seaford
0%
26/1/1920 Werribee Seaholme
0%
10/12/1906 Werribee, Williamstown Seddon
0%
20/11/1872 Albury, NSW Train Link Southern, Seymour, Shepparton Seymour
0%
13/1/1880 Shepparton Shepparton
0%
19/2/2006 Warrnambool Sherwood Park
0%
7/11/1883 Flemington Racecourse Showgrounds
0%
10/9/1889 Stony Point Somerville
0%
1/11/1883 Geelong, Warrnambool South Geelong
0%
11/3/1891 Werribee, Williamstown South Kensington
0%
26/11/2017 Frankston Southland
0%
22/4/2012 Mernda South Morang
0%
22/12/1860 Frankston, Sandringham South Yarra
0%
1/2/1878 Werribee, Williamstown Spotswood
0%
29/11/1873 Albury Springhurst
0%
1/9/1880 Cranbourne, Pakenham Springvale
0%
1/2/1887 Sunbury St Albans
0%
30/11/2025 Sunbury State Library
0%
27/9/1984* Stony Point Stony Point
0%
3/5/2004* Bairnsdale Stratford
0%
28/10/1890 Craigieburn Strathmore
0%
7/9/1885 Ballarat, Geelong, Sunbury Sunshine
0%
30/5/1890 Swan Hill Swan Hill
0%
5/5/1930 Glen Waverley Syndal
0%
22/12/2013* Maryborough Talbot
0%
18/4/1872 Seymour, Shepparton Tallarook
0%
14/6/2015 Geelong, Warrnambool Tarneit
0%
19/2/1962* Belgrave Tecoma
0%
23/4/1887 Warrnambool Terang
0%
23/12/1889 Mernda Thomastown
0%
8/10/1889 Mernda Thornbury
0%
7/5/1879 Frankston Toorak
0%
24/3/1890 Glen Waverley Tooronga
0%
2/3/1891 Sunbury Tottenham
0%
30/11/2025 Cranbourne, Pakenham, Sunbury Town Hall
0%
1/8/1878 Bairnsdale, Traralgon Trafalgar
0%
1/6/1877 Bairnsdale, Traralgon Traralgon
0%
27/9/1984* Stony Point Tyabb
0%
12/2/1880 Bairnsdale, Traralgon Tynong
0%
22/5/2023 Belgrave, Lilydale Union
0%
17/8/1959* Upfield Upfield
0%
4/12/1889 Belgrave Upper Ferntree Gully
0%
19/2/1962* Belgrave Upwey
0%
20/3/1873 Albury Violet Town
0%
18/4/1872 Seymour, Shepparton Wallan
0%
11/4/1876 Seymour, Shepparton Wandong
0%
28/10/1873 Albury Wangaratta
0%
1/3/1878 Bairnsdale, Traralgon Warragul
0%
4/2/1890 Warrnambool Warrnambool
0%
23/6/1924 Hurstbridge Watsonia
0%
25/6/1912 Hurstbridge Wattle Glen
0%
12/10/2014 Geelong, Warrnambool Waurn Ponds
0%
12/6/2009 Ararat, Ballarat Wendouree
0%
6/2/1951 Cranbourne, Pakenham Westall
0%
1/10/1888 Sunbury West Footscray
0%
21/1/1985 Werribee Westona
0%
21/10/1901 Hurstbridge, Mernda West Richmond
0%
28/4/2013 Werribee Williams Landing
0%
12/8/1889 Williamstown Williamstown Beach
0%
8/6/1908 Alamein Willison
0%
18/11/1876 Warrnambool Winchelsea
0%
25/6/2011* Albury Wodonga
0%
8/6/1861 Bendigo, Echuca, Swan Hill Woodend
0%
14/6/2015 Geelong, Warrnambool Wyndham Vale
0%
1/8/1878 Bairnsdale, Traralgon Yarragon
0%
21/12/1976 Cranbourne, Pakenham Yarraman
0%
20/11/1871 Werribee, Williamstown Yarraville
0%
No matching quizzes found
Score Distribution
Percent of People with Each Score
Percentile by Number Answered
Your Score History
You have not taken this quiz